Emmanuel Levinas ou les intrigues du sens (notice n° 1934852)
[ vue normale ]
| 000 -LEADER | |
|---|---|
| fixed length control field | 01216cam a2200133 4500500 |
| 005 - DATE AND TIME OF LATEST TRANSACTION | |
| control field | 20260329024553.0 |
| 041 ## - LANGUAGE CODE | |
| Language code of text/sound track or separate title | fre |
| 042 ## - AUTHENTICATION CODE | |
| Authentication code | dc |
| 100 10 - MAIN ENTRY--PERSONAL NAME | |
| Personal name | Guibal, Francis |
| Relator term | author |
| 245 00 - TITLE STATEMENT | |
| Title | Emmanuel Levinas ou les intrigues du sens |
| 260 ## - PUBLICATION, DISTRIBUTION, ETC. | |
| Name of publisher, distributor, etc. | Presses Universitaires de France,<br/> |
| Date of publication, distribution, etc. | 2005.<br/> |
| 520 ## - SUMMARY, ETC. | |
| Summary, etc. | Le sensoriel, le vectoriel, le conceptuel se conjoignent dans le mot sens, loin de toute maîtrise possible, nous sommes voués au(x) sens, aux intrigues du et des sens. Pour Emmanuel Levinas, ces versions du sens sont celles d’une proximité éthique irréductible à aucune prise intentionnelle. Que la vulnérabilité éthique ne signifie ni une passivité de victime ni un refuge de compensation, mais qu’elle invite à (re)penser autrement les dimensions et les tensions d’un «entre-nous», voilà une des convictions qui amène l’auteur à prolonger librement les explorations de Levinas, en montrant comment elles peuvent continuer à inquiéter des approches contemporaines plus soucieuses en apparence de justice politique ou de radicalité ontologique. |
| 856 41 - ELECTRONIC LOCATION AND ACCESS | |
| Uniform Resource Identifier | <a href="https://shs.cairn.info/emmanuel-levinas-ou-les-intrigues-du-sens--9782130538899?lang=fr&redirect-ssocas=7080">https://shs.cairn.info/emmanuel-levinas-ou-les-intrigues-du-sens--9782130538899?lang=fr&redirect-ssocas=7080</a> |
Pas d'exemplaire disponible.




Réseaux sociaux